| 000 | 018400000a22003490004500 | ||
|---|---|---|---|
| 003 | EG-GICUC | ||
| 005 | 20250223024946.0 | ||
| 008 | 061029s2006 ua a f m 000 0 eng d | ||
| 040 |
_aEG-GICUC _beng _cEG-GICUC |
||
| 041 | 0 | _aEng | |
| 049 | _aDeposite | ||
| 097 | _aM.Sc | ||
| 099 | _aCai01.11.14.M.Sc.2006.AH.C. | ||
| 100 | 0 | _aAhmed Mohamed Syed Mohamed Marzouk | |
| 245 | 1 | 0 |
_aCircular stapled haemorrhoidectomy versus milligan - morgan haemorrhoidectomy / _cAhmed Mohamed Sayed Mohamed Marzouk ; supervised Elmoaty Hussein Aly , Moustafa Hussein Abdo |
| 246 | 1 | 5 | _aدراسة مقارنة بين استخدام الدباسة الدائرية و عملية ميليجان مورجان فى استئصال البواسير الشرجية |
| 260 |
_aCairo : _bAhmed Mohamed Sayed Mohamed Marzouk , _c2006 |
||
| 300 |
_a141P : _bill ; _c25cm |
||
| 502 | _aThesis (M.Sc.) - Cairo University - Faculty Of Medicine - Department Of General Surgery | ||
| 520 | _aHemorrhoids are a common conditionSurgical hemorrhoidectomy is the most effective treatment for hemorrhoidsIn 1998 , Longo introduced an alternative approach to conventional , hemorrhoidectomy by modifying the circular stapling deviceIn This study 2 groups of patients were treated by conventional Milligan - Morgan haemorrhoidectomy and stabled haemorrhoidectomy they were compared regarding post operative pain , bleeding , discharge , operative time and post operative stay | ||
| 530 | _aIssued also as CD | ||
| 653 | 4 | _aCircular Stapled | |
| 653 | 4 | _aHaemorrhoidectomy | |
| 653 | 4 | _aMilligan - Morgan | |
| 653 | 4 | _apiles | |
| 700 | 0 |
_aAbdelmoaty Hussein Aly , _esupervisor |
|
| 700 | 0 |
_aMoustafa Hussein Abdo , _esupervisor |
|
| 856 | _uhttp://172.23.153.220/th.pdf | ||
| 905 |
_aEnas _eCataloger |
||
| 905 |
_aMustafa _eRevisor |
||
| 942 |
_2ddc _cTH |
||
| 999 |
_c2659 _d2659 |
||